| 000 | 00708nam a2200217 a 4500 | ||
|---|---|---|---|
| 001 | 000022669 | ||
| 005 | 20200930021729.0 | ||
| 008 | 101014s1997 es 001 0 spa d | ||
| 020 | _a842398821x | ||
| 040 |
_aDO-SdBNP _bspa _cBNPHU |
||
| 082 |
_axxxx _bM149p |
||
| 100 | 1 |
_aMachado, Antonio _d1875-1939 _924735 |
|
| 245 | 1 | 0 |
_aPoesías completas ; _bJuan de Mairena / _cHonoré de Balzac. |
| 260 |
_aMadrid, : _bEditorial Espasa Calpe, _c1997. _fHuertas |
||
| 300 |
_a637 p. ; _c22 cm. |
||
| 490 | 1 | _aAntología de la literatura universal | |
| 563 | _aVarias obras empaginadas en páginas continuas | ||
| 740 | 2 | _aJuan de Mairena | |
| 830 | 0 |
_aAntología de la literatura universa _946616 |
|
| 049 | _aBNPD | ||
| 999 |
_c22166 _d22166 |
||